Undergraduate Convexity : Problems and Solutions /

保存先:
書誌詳細
第一著者: Nielsen, Mikkel Slot (autor)
その他の著者: Rohde, Victor Ulrich (autor) (autor)
フォーマット: 図書
言語:英語
出版事項: Singapur : World Scientific, 2017, c2017
主題:
タグ: タグ追加
タグなし, このレコードへの初めてのタグを付けませんか!

MARC

LEADER 00000nam^a2200000^a^4500
001 000585150
005 20250521000000.0
009 20260310132724.872
020 |a 978-981-3146-21-1 
037 |a Acervo ITESO - Biblioteca 
041 |a ING 
082 |a 515. 88  |b NIE 
100 |a Nielsen, Mikkel Slot  |e (autor) 
245 1 0 |a Undergraduate Convexity :  |b Problems and Solutions /  |c M.S. Nielsen, V.U. Rohde. 
264 4 |a Singapur :  |b World Scientific,  |c 2017, c2017 
300 |a X, 184 p. 
336 |a texto  |b txt  |2 rdacontenido 
337 |a sin mediación  |b n  |2 rdamedio 
338 |a volumen  |b nc  |2 rdasoporte 
521 |a EEnlace Departamento de Matemáticas y Física 2024 
649 |a XX 
650 |a Análisis de Fourier 
650 |a Dominios Convexos -  |x Tema Principal 
650 |a Funciones Convexas -  |x Tema Principal 
650 |a Funciones de Variables Reales 
650 |a Funciones (Matemáticas) 
650 |a Cálculo de Variaciones 
650 |a Matemáticas 
700 |a Rohde, Victor Ulrich  |e (autor) 
910 |a Fondo General 
920 |a Impresos - Libros 
930 |a Colección General 
905 |a 101 
901 |a 0500412794  |b IT1  |c ACC  |i C186313  |u 20250521 
902 |a https://opac.biblio.iteso.mx/vufind/Record/000585150